000 00366nam a2200169Ia 4500
003 0STCL
008 150530s9999 xx 000 0 und d
040 _aSTCL
_cSTCL
100 _aSarnam Singh
245 _aInsan KI Rah
260 _bMalik Co ; Jaipur
_c1969
300 _a0
546 _aHindi
942 _2ddc
_cBK
999 _c63348
_d63348
005 20220125171224.0